Breaking the rules of thumb (Record no. 74979)

MARC details
000 -LEADER
fixed length control field 01015cab a2200205 4500
001 - CONTROL NUMBER
control field ABS68797
008 - FIXED-LENGTH DATA ELEMENTS--GENERAL INFORMATION
fixed length control field 050324n2005 000 0 eng u
035 ## - SYSTEM CONTROL NUMBER
System control number (Sirsi) u129179
100 ## - MAIN ENTRY--PERSONAL NAME
Personal name Williams, A.
245 ## - TITLE STATEMENT
Title Breaking the rules of thumb
260 ## - PUBLICATION, DISTRIBUTION, ETC.
Date of publication, distribution, etc. 2005
490 ## - SERIES STATEMENT
Series statement Architects' Journal
Volume/sequential designation 221(10) 17 March 2005, 16-17(2)
520 ## - SUMMARY, ETC.
Summary, etc. Discusses whether property professionals can keep up-to-date when the Building Regulations Approved Documents keep changing. Suggests they will be constantly reviewed in the future and building designs will have to be altered on a regular basis to reflect the changes. Suggests the frequency of changes is counterproductive as professionals may be tempted to treat them as transitory.
590 ## - LOCAL NOTE (RLIN)
Local note ABS
650 ## - SUBJECT ADDED ENTRY--TOPICAL TERM
Topical term or geographic name entry element BUILDING REGULATIONS
9 (RLIN) 6224
650 ## - SUBJECT ADDED ENTRY--TOPICAL TERM
Topical term or geographic name entry element BUILDING REGULATIONS 2000 APPROVED DOCUMENT L1 (2002 EDITION)
650 ## - SUBJECT ADDED ENTRY--TOPICAL TERM
Topical term or geographic name entry element BUILDING REGULATIONS 2000 APPROVED DOCUMENT L2 (2002 EDITION)
690 ## - LOCAL SUBJECT ADDED ENTRY--TOPICAL TERM (OCLC, RLIN)
Topical term or geographic name as entry element BUILT ENVIRONMENT-BUILDING STANDARDS
942 ## - ADDED ENTRY ELEMENTS (KOHA)
Suppress in OPAC 0
Holdings
Withdrawn status Lost status Source of classification or shelving scheme Damaged status Not for loan Home library Current library Shelving location Date acquired Total Checkouts Full call number Barcode Date last seen Copy number Price effective from Koha item type
    Dewey Decimal Classification     London London Journal article 24/03/2005   ABS68797 129179-1001 06/08/2019 1 06/08/2019 Journal article